Представление документа в формате MARC21

Поле Инд. ПП Название Значение
Тип записи a
Библиографический уровень m
001 Контрольный номер 4f9bfd19370a477f8f0f64e7df90af5e
005 Дата корректировки 20250113100304.3
020 a ISBN 978-5-9710-9654-2
040 a Служба первич. каталог. НБ ТвГУ
b Код языка каталог. rus
e Правила каталог. PSBO
041 0_ a Код языка текста rus
080 a Индекс УДК 159.97(075.8)
084 a Индекс другой классификации/Индекс ББК Ю974я73-1
090 a Полочн. индекс Ю974
x Авторский знак Ж 91
097 b Оператор Polyakova.IM
100 1_ a Автор Журавлев Игнатий Владимирович
e Роль лиц Автор
245 10 a Заглавие Механизмы безумия
b Продолж. заглавия университетские лекции по психопатологии
c Ответственность И. В. Журавлев
260 c Дата издания 2022
a Место издания Москва
b Издательство ЛЕНАНД
300 a Объем 298 с.
b Иллюстрации/ тип воспроизводства ил., табл.
440 _0 a Серия Классический учебник МГУ
520 0_ a Аннотация Книга основана на авторском курсе лекций «Основы психиатрии», читавшемся студентам факультета психологии МГУ в течение многих лет. Она интегрирует психиатрический, психологический и философский подходы к проблеме безумия. Читатель найдет здесь и яркие описания самых разных психических расстройств, и глубокий анализ психологических механизмов их формирования. Будучи основанной на расшифровках лекций, книга увлечет читателя разговорным стилем, воссоздающим атмосферу живого общения лектора с аудиторией. Эта книга — незаменимое руководство для всех изучающих клиническую психологию и психиатрию. Она будет полезна и широкому кругу читателей, интересующихся тайнами человеческой психики.
653 0_ a Ключевые слова Клиническая психология
a Ключевые слова Медицинская психология
a Ключевые слова Патологическая психология
a Ключевые слова Психопатология
a Ключевые слова Патопсихология
a Ключевые слова Психология безумия
a Ключевые слова Безумие
a Ключевые слова Учебники для вузов
a Ключевые слова Лекции для вузов
901 t Тип документа m
920 a Оператор Поля
a Оператор Рунт
a Оператор Стро
a Оператор Семен
a Оператор Петр
930 a Новая/Ретро новая
952 c Вид литературы К рн
954 b Дата поступления в ОК 20220907
a Дата поступления на обработку 20220912
c Дата окончания ОНО 20250113